Реализация обеспечения питанием различных видов систем автономного освещения; Информационно-измерительная техника и технологии

Dettagli Bibliografici
Parent link:Информационно-измерительная техника и технологии.— 2013.— [С. 151-156]
Autore principale: Майкова О. В.
Ente Autore: Национальный исследовательский Томский политехнический университет (ТПУ) Институт неразрушающего контроля (ИНК) Кафедра информационно-измерительной техники (ИИТ)
Altri autori: Юрченко А. В. Алексей Васильевич, Юрченко В. И.
Riassunto:Заглавие с титульного листа
В докладе представлены результаты теоретически-практических исследований работы автономных систем освещения (АСО) с электропитанием от гибридной ветро-солнечной установки (ВСУ) с гарантированным обеспечением освещения. Одним из важных результатов расчетно-теоретических исследований стало разработка методики расчета требуемой установленной мощности ветроустановки, PV modules для конечных систем светодиодного освещения от климатических и аппаратных факторов места применения
The paper presents the results of theoretical-practical study of autonomous lighting systems (ASO) with power from hybrid wind-solar installation (MAT) with guaranteed security lighting. One of the important results of theoretical research and development of a methodology to calculate the required installed capacity of wind turbines, PV modules for end systems, led lighting and hardware from the climatic factors of space applications
Lingua:russo
Pubblicazione: 2013
Soggetti:
Accesso online:http://www.lib.tpu.ru/fulltext/c/2013/C18/029.pdf
Natura: MixedMaterials Elettronico Capitolo di libro
KOHA link:https://koha.lib.tpu.ru/cgi-bin/koha/opac-detail.pl?biblionumber=242085

MARC

LEADER 00000naa2a2200000 4500
001 242085
005 20251218155408.0
035 |a (RuTPU)RU\TPU\book\263381 
035 |a RU\TPU\book\263380 
090 |a 242085 
100 |a 20130823d2013 k y0rusy50 ca 
101 0 |a rus 
102 |a RU 
135 |a drnn ---uucaa 
181 0 |a i  
182 0 |a b 
200 1 |a Реализация обеспечения питанием различных видов систем автономного освещения  |d The different types of feeding systems with autonomous lighting  |f О. В. Майкова, А. В. Юрченко, В. И. Юрченко 
203 |a Текст  |c электронный 
215 |a 1 файл (470 Кб) 
300 |a Заглавие с титульного листа 
320 |a [Библиогр.: с. 156 (5 назв.)] 
330 |a В докладе представлены результаты теоретически-практических исследований работы автономных систем освещения (АСО) с электропитанием от гибридной ветро-солнечной установки (ВСУ) с гарантированным обеспечением освещения. Одним из важных результатов расчетно-теоретических исследований стало разработка методики расчета требуемой установленной мощности ветроустановки, PV modules для конечных систем светодиодного освещения от климатических и аппаратных факторов места применения 
330 |a The paper presents the results of theoretical-practical study of autonomous lighting systems (ASO) with power from hybrid wind-solar installation (MAT) with guaranteed security lighting. One of the important results of theoretical research and development of a methodology to calculate the required installed capacity of wind turbines, PV modules for end systems, led lighting and hardware from the climatic factors of space applications 
337 |a Adobe Reader 
463 1 |0 (RuTPU)RU\TPU\book\262947  |t Информационно-измерительная техника и технологии  |o материалы IV Научно-практической конференции, Томск, 15-17 мая 2013 г.  |f Национальный исследовательский Томский политехнический университет (ТПУ) ; под ред. А. В. Юрченко  |v [С. 151-156]  |d 2013 
510 1 |a The different types of feeding systems with autonomous lighting  |z eng 
610 1 |a труды учёных ТПУ 
610 1 |a электронный ресурс 
610 1 |a автономные системы 
610 1 |a освещение 
610 1 |a солнечные установки 
610 1 |a ветрогенераторы 
610 1 |a светодиоды 
700 1 |a Майкова  |b О. В. 
701 1 |a Юрченко  |b А. В.  |c физик  |c профессор Томского политехнического университета, доктор технических наук  |f 1974-  |g Алексей Васильевич  |3 (RuTPU)RU\TPU\pers\25599  |9 11528 
701 1 |a Юрченко  |b В. И. 
712 0 2 |a Национальный исследовательский Томский политехнический университет (ТПУ)  |b Институт неразрушающего контроля (ИНК)  |b Кафедра информационно-измерительной техники (ИИТ)  |3 (RuTPU)RU\TPU\col\18718 
801 1 |a RU  |b 63413507  |c 20130116 
801 2 |a RU  |b 63413507  |c 20130925  |g RCR 
856 4 |u http://www.lib.tpu.ru/fulltext/c/2013/C18/029.pdf 
942 |c CF